| 000 | 00948nam a22002415i 4500 | ||
|---|---|---|---|
| 001 | 164594 | ||
| 003 | ES-MaACL | ||
| 005 | 20250806024742.0 | ||
| 008 | 950206s1895 sp |||| | spa d | ||
| 040 |
_aCLM _bspa _cCCPB | PA2 |
||
| 100 | 1 |
_aSánchez Moguel, Antonio, _d1838-1913 _eaut _9102783 |
|
| 245 | 1 | 0 |
_aEspaña y América _b: estudios históricos y literarios / _cAntonio Sánchez Moguel. |
| 260 |
_aMadrid : _b[s.n.], _c1895 ( _fImp. y Litogr. del Asilo de Huerfanos del Sagrado Corazón de Jesus) |
||
| 300 |
_aXVI, 298 p. ; _c19 cm. |
||
| 599 | _aLetras capitulares y pequeñas viñetas en cabeceras de capítulos. | ||
| 650 | 4 |
_aLiteratura española- _xHistoria y crítica _914560 |
|
| 650 | 4 |
_aLiteratura latina- _xHistoria y crítica. _914633 |
|
| 752 |
_aEspaña - _dMadrid |
||
| 852 |
_aES-MaACL _jF-10073 _z-- Enc. hol. |
||
| 852 |
_aES-MaACL _jF-12765 _z-- Rust. |
||
| 942 | _2udc | ||
| 999 |
_c164594 _d164594 |
||